LEADER 00906nam a2200217 i 4500 001 000000023979 003 CaOOAMICUS 005 20180830125446.0 008 180830s2010 it u000 u ita u 040 $aSeMil$bita 245 10$aVaticano 2. in rete /$ca cura di Luigi Pedrazzi. 260 $aBologna :$bIl Mulino,$c2010. 260 $aTorino :$bClaudiana,$c2010. 300 $av. ;$c22 cm. 650 4$aConcilio Vaticano II <1962-1965>.$0(OLS)http://semarc/subject/283 700 1 $aPedrazzi, Luigi <1927-2017>.$0(OLS)http://semarc/name/90119 773 0 $tForum.$dTorino : Claudiana, [19--]$w()24179 774 0 $tNostro '58.$dTorino : Claudiana, 2010.$kForum$z978-88-15-13762-3$g1$w()196104 996 $6245$aVaticano 2. in rete$9(OLS)http://semarc/title/32187 996 $6260$aTorino :$bClaudiana$9(OLS)http://semarc/publisher/29837 996 $6260$aBologna :$bIl Mulino$9(OLS)http://semarc/publisher/29842 LEADER 01378nam a2200277 i 4500 001 000000055682 003 CaOOAMICUS 005 20141205000000.0 008 141205s1965 it u000 u ita u 013 $a26854 040 $aSeMil$bita 100 1 $aRossi, Leandro.$0(OLS)http://semarc/name/22771 245 12$aI Parroci nei Sinodi lodigiani della riforma cattolica :$bexcerpta ex dissertatione ad Lauream in Facultate Juris Canonici Pontificiae Universitatis Gregorianae /$cPontificia Universitas Gregoriana, auctore Leandro Rossi. 260 $aLodi :$b[s.n.],$c1965. 300 $a61 p. ;$c24 cm. 500 $aFondo Card. Giovanni Colombo. 650 4$aLodi (Diocesi) - Storia.$0(OLS)http://semarc/subject/6003 650 4$aParroco.$0(OLS)http://semarc/subject/4452 650 4$aTesi di laurea.$0(OLS)http://semarc/subject/1690 710 2 $aPontificia Università Gregoriana .$0(OLS)http://semarc/name/5 850 $aSeMil 852 $aSeMil$W1$xVenegono$y1$m2I III 79 °$j21836$B21836$CSeMilBibl$Z2$F21838 $81 941 1 $a3 961 $aLascito: Colombo Card. Giovanni 996 $6245$aI Parroci nei Sinodi lodigiani della riforma cattolica :$bexcerpta ex dissertatione ad Lauream in Facultate Juris Canonici Pontificiae Universitatis Gregorianae$9(OLS)http://semarc/title/86413 996 $6260$aLodi :$b[s.n.]$9(OLS)http://semarc/publisher/30935